000 00459nam a2200181Ia 4500
001 18756
005 20260306171654.0
008 260306s9999||||xx |||||||||||||| ||und||
041 _aESP
082 _a658.5
_bD11 2004
100 _aD´Alessio Ipinza, Fernando A.
_eAUT
245 0 _aAdministración y dirección de la producción
260 _c2004
300 _a593 páginas :
_c28 cm.
650 _aGEN
654 _aCAN
942 _cLIB
_dJUS
_fJUS
_2ddc
_n
999 _c18756
_d18756